000 00361nas a2200157 a 4500
001 53911
003 124514
005 20201118102942.0
008 ||||||n9999 ||| || ||
041 _aspa
245 0 _aSintesis Economica - No.941
260 _aBogotá :
_bRetina,
_c1994.
562 _e1
773 _016191
_aSintesis Economica
942 _cSISS
999 _c53911
_d53911